[Event "FIDE World Rapid Team"]
[Site "Almaty"]
[Date "2024.08.04"]
[Round "10.11"]
[White "Kostenko, Petr"]
[Black "Zhu, Jiner"]
[Result "1/2-1/2"]
[WhiteElo "2338"]
[BlackElo "2479"]
[PlyCount "78"]
[EventDate "2024.08.02"]
[EventType "team (rapid)"]
[EventRounds "12"]
[EventCountry "KAZ"]
[SourceTitle "CBM 221 Extra"]
[Source "ChessBase"]
[SourceDate "2024.09.30"]
[SourceVersion "1"]
[SourceVersionDate "2024.09.30"]
[SourceQuality "1"]
[WhiteTeam "Astana"]
[BlackTeam "Al Ain ACMG"]
[WhiteTeamCountry "KAZ"]
[BlackTeamCountry "UAE"]

1. c4 Nf6 2. Nc3 e5 3. Nf3 Nc6 4. e3 d5 5. cxd5 Nxd5 6. Bb5 Nxc3 7. bxc3 Bd6 8. 0-0 0-0 9. d4 Qf6 10. Bxc6 bxc6 11. dxe5 Bxe5 12. Nxe5 Qxe5 13. Qd4 Qa5 14. Qb4 Qb5 15. Ba3 Re8 16. Rfd1 Be6 17. Qf4 Qa5 18. Bb4 Qb6 19. Qg5 h6 20. Qc5 a5 21. Ba3 a4 22. Bb4 Rab8 23. Rd4 Qa6 24. c4 Qb6 25. a3 Qxc5 26. Bxc5 Red8 27. Rc1 Rxd4 28. Bxd4 Rb3 29. Bc5 Bxc4 30. f3 Bb5 31. e4 Rd3 32. h4 h5 33. Rc2 f6 34. Kf2 Kf7 35. Bb4 Rb3 36. Kg3 g6 37. Kf4 Rd3 38. Rd2 Rxd2 39. Bxd2 Ke6 1/2-1/2

[Event "Cheliabinsk Shusharin Memorial Rapid"]
[Site "Cheliabinsk"]
[Date "2023.11.16"]
[Round "10"]
[White "Kostenko, Petr"]
[Black "Belyakov, Bogdan"]
[Result "0-1"]
[WhiteElo "2338"]
[BlackElo "2415"]
[PlyCount "199"]
[EventDate "2023.11.15"]
[EventType "swiss (rapid)"]
[EventRounds "11"]
[EventCountry "RUS"]
[SourceTitle "CBM 217 Extra"]
[Source "ChessBase"]
[SourceDate "2024.01.31"]
[SourceVersion "1"]
[SourceVersionDate "2024.01.31"]
[SourceQuality "1"]

1. c4 Nf6 2. g3 g6 3. Bg2 Bg7 4. Nc3 0-0 5. e4 d6 6. Nge2 c5 7. a3 Nc6 8. Rb1 Bg4 9. f3 Be6 10. d3 a6 11. b4 b5 12. cxb5 axb5 13. bxc5 dxc5 14. Rxb5 Ne5 15. Nf4 Qd7 16. a4 Rfd8 17. Ke2 Nxd3 18. Qxd3 Qxd3+ 19. Nxd3 Bc4 20. Rd1 Nd7 21. Nd5 Rxa4 22. Nxe7+ Kf8 23. Nc6 Bxb5 24. Nxd8 Ne5 25. Ke3 Nxd3 26. Rxd3 Bxd3 27. Kxd3 Rd4+ 28. Kc2 Rxd8 29. Bf1 Bd4 30. Bc4 f6 31. g4 g5 32. h3 Ke7 33. Bd5 Rb8 34. Kd3 h6 35. f4 Kd6 36. Kc2 Rh8 37. Kd3 gxf4 38. Bxf4+ Be5 39. Be3 h5 40. Kc4 hxg4 41. Bxc5+ Kd7 42. hxg4 Rh4 43. Bf7 Rxg4 44. Kd5 Rg2 45. Be6+ Kc7 46. Bf5 Rc2 47. Be7 Ra2 48. Ke6 Ra6+ 49. Kf7 Ra7 50. Bxf6 Kd6+ 51. Kg6 Rb7 52. Bg4 Bxf6 53. Kxf6 Rb5 54. Bf5 Re5 55. Bh7 Re6+ 56. Kf5 Re8 57. Kf6 Rf8+ 58. Kg7 Rf2 59. Bf5 Ke7 60. Kg6 Rg2+ 61. Kh5 Kf6 62. Kh4 Rg5 63. Kh3 Ke5 64. Kh4 Kf4 65. Bh7 Rg1 66. Kh5 Rh1+ 67. Kg6 Kxe4 68. Kg7+ Ke5 69. Bc2 Rg1+ 70. Kh8 Rc1 71. Bd3 Kf6 72. Bh7 Rh1 73. Kg8 Rh2 74. Kh8 Rb2 75. Bg8 Rb4 76. Bh7 Kf7 77. Bg8+ Kg6 78. Bh7+ Kf6 79. Bg8 Rb7 80. Bh7 Kf7 81. Bg8+ Kg6 82. Bd5 Rh7+ 83. Kg8 Rd7 84. Be4+ Kh6 85. Bf5 Rd1 86. Bc2 Rd4 87. Bf5 Rd2 88. Be4 Rf2 89. Bd3 Rf3 90. Be4 Rf4 91. Bc2 Rg4+ 92. Kf7 Rc4 93. Bd3 Rd4 94. Bc2 Kg5 95. Bb1 Rd7+ 96. Ke6 Rb7 97. Be4 Ra7 98. Bd3 Ra3 99. Bc2 Ra6+ 100. Kd5 0-1

[Event "Issykkul op"]
[Site "Korumdu"]
[Date "2023.07.18"]
[Round "8"]
[White "Kostenko, Petr"]
[Black "Ilkhomi, Jaloliddin"]
[Result "1/2-1/2"]
[WhiteElo "2366"]
[BlackElo "2219"]
[PlyCount "39"]
[EventDate "2023.07.12"]
[EventType "swiss"]
[EventRounds "10"]
[EventCountry "KGZ"]
[SourceTitle "CBM 215 Extra"]
[Source "ChessBase"]
[SourceDate "2023.09.30"]
[SourceVersion "1"]
[SourceVersionDate "2023.09.30"]
[SourceQuality "1"]

1. c4 Nf6 2. Nf3 e6 3. b3 b6 4. Bb2 Bb7 5. e3 d5 6. Nc3 Nbd7 7. Qc2 a6 8. Be2 Bd6 9. 0-0 0-0 10. Rfd1 Qe7 11. a4 Ne4 12. a5 f5 13. d3 Ng5 14. Nxg5 Qxg5 15. f4 Qe7 16. Bf3 Nf6 17. Na4 Nd7 18. Nc3 Nf6 19. Na4 Nd7 20. Nc3 1/2-1/2

[Event "Cheliabinsk Lozovatsky Memorial-A"]
[Site "Cheliabinsk"]
[Date "2023.02.01"]
[Round "6"]
[White "Somkin, Kirill"]
[Black "Kostenko, Petr"]
[Result "1/2-1/2"]
[WhiteElo "2195"]
[BlackElo "2371"]
[PlyCount "243"]
[EventDate "2023.01.27"]
[EventType "swiss"]
[EventRounds "10"]
[EventCountry "RUS"]
[SourceTitle "CBM 212 Extra"]
[Source "ChessBase"]
[SourceDate "2023.03.31"]
[SourceVersion "1"]
[SourceVersionDate "2023.03.31"]
[SourceQuality "1"]

1. e4 c6 2. d4 d5 3. e5 c5 4. dxc5 e6 5. a3 Bxc5 6. b4 Bb6 7. Bb2 Ne7 8. Nf3 a5 9. c4 axb4 10. axb4 Rxa1 11. Bxa1 dxc4 12. Qxd8+ Bxd8 13. Bxc4 Nd7 14. 0-0 0-0 15. Bb3 Nd5 16. Bxd5 exd5 17. Rd1 Nb6 18. Bd4 Na4 19. Na3 Be7 20. Nb5 Bxb4 21. Ra1 Nc5 22. Nc7 Nb3 23. Ra4 Nxd4 24. Rxb4 Nc6 25. Rb5 Rd8 26. Nxd5 Bg4 27. Ne3 Bxf3 28. gxf3 Nd4 29. Rxb7 Nxf3+ 30. Kg2 Nxe5 31. Kg3 g6 32. Rb5 Nc6 33. Ng4 Nd4 34. Rb7 Nf5+ 35. Kg2 Rd6 36. Rb3 Kg7 37. Ne3 Ne7 38. Rb7 Re6 39. Rc7 h5 40. Kg3 Nc6 41. Rb7 Re4 42. h4 Nd4 43. Rc7 Ne6 44. Ra7 Rd4 45. Rb7 Kf8 46. Rb6 Ke7 47. Rb7+ Rd7 48. Rb5 Nd4 49. Ra5 Ke6 50. Kf4 f6 51. Ra6+ Rd6 52. Ra7 Nc6 53. Rb7 Ne5 54. Kg3 Rd3 55. Rb6+ Kf7 56. Rb7+ Rd7 57. Rb6 Kg7 58. Ra6 Rb7 59. Ra3 Nd7 60. Nd5 Nc5 61. Ne3 Rb2 62. f3 Rb3 63. Ra7+ Rb7 64. Ra5 Ne6 65. Nd5 Nd4 66. Ne3 Kf7 67. Ra4 Ne6 68. Nd5 Rd7 69. Ne3 Rd3 70. Ra7+ Kf8 71. Kf2 Nd4 72. f4 Rd2+ 73. Kf1 Nf3 74. f5 Nxh4 75. fxg6 Nxg6 76. Rh7 Nf4 77. Nf5 Rh2 78. Nh6 Ke8 79. Kg1 Rg2+ 80. Kf1 Rg5 81. Kf2 Ne6 82. Ra7 h4 83. Ra4 Rh5 84. Ng4 Kf7 85. Kg2 Rh8 86. Kh2 Kg6 87. Ra6 Re8 88. Kh3 Kg5 89. Nxf6 Kxf6 90. Kxh4 Rg8 91. Kh3 Kf5 92. Ra5+ Ke4 93. Ra4+ Nd4 94. Kh4 Ke5 95. Kh5 Rg1 96. Ra5+ Kf6 97. Ra6+ Ne6 98. Kh4 Rg8 99. Kh3 Rg6 100. Kh4 Ke5 101. Ra3 Ke4 102. Ra4+ Nd4 103. Kh5 Rg1 104. Kh6 Ke5 105. Ra5+ Kf6 106. Ra6+ Ne6 107. Kh5 Rg8 108. Kh4 Kf5 109. Ra5+ Ke4 110. Ra4+ Nd4 111. Kh5 Ke5 112. Ra5+ Kf4 113. Ra4 Rd8 114. Kg6 Rd6+ 115. Kf7 Kg5 116. Ra1 Rd7+ 117. Ke8 Rh7 118. Rg1+ Kf6 119. Rf1+ Ke6 120. Re1+ Kd6 121. Rd1 Ke6 122. Re1+ 1/2-1/2

[Event "Cheliabinsk Lozovatsky Memorial-A"]
[Site "Cheliabinsk"]
[Date "2023.01.31"]
[Round "5"]
[White "Kostenko, Petr"]
[Black "Khegay, Dmitriy"]
[Result "1/2-1/2"]
[WhiteElo "2371"]
[BlackElo "2532"]
[PlyCount "118"]
[EventDate "2023.01.27"]
[EventType "swiss"]
[EventRounds "10"]
[EventCountry "RUS"]
[SourceTitle "CBM 212 Extra"]
[Source "ChessBase"]
[SourceDate "2023.03.31"]
[SourceVersion "1"]
[SourceVersionDate "2023.03.31"]
[SourceQuality "1"]

1. e4 c5 2. Nf3 d6 3. Bb5+ Nd7 4. Ba4 Ngf6 5. 0-0 e6 6. Re1 a6 7. c3 b5 8. Bc2 c4 9. b3 Bb7 10. bxc4 bxc4 11. Na3 Rc8 12. Rb1 Ba8 13. Qe2 d5 14. e5 Ne4 15. Nd4 Nec5 16. f4 g6 17. f5 gxf5 18. Bxf5 Qh4 19. Nac2 exf5 20. Nxf5 Qg5 21. Ncd4 Ne6 22. Qf3 Bc5 23. h4 Qf4 24. Nd6+ Ke7 25. Ba3 Qxf3 26. Nxc8+ Rxc8 27. Bxc5+ Ndxc5 28. Nxf3 Rg8 29. Kh2 Rd8 30. Rb6 d4 31. cxd4 Bxf3 32. gxf3 Rxd4 33. Kg3 Rxd2 34. Rc1 Rd4 35. Rd6 Rxd6 36. exd6+ Kxd6 37. Rxc4 h5 38. Rb4 Ke5 39. Rb8 Kf6 40. Rh8 Kg6 41. Rc8 a5 42. Kf2 Kf5 43. Ke3 Ke5 44. Re8 a4 45. Re7 f6 46. Re8 Nb7 47. Ra8 Nbc5 48. Re8 Kd5 49. Kd2 Nd4 50. Rh8 Nxf3+ 51. Ke3 Ne5 52. Rxh5 Ncd3 53. Rh8 Nb4 54. h5 Nxa2 55. h6 Nf7 56. Ra8 Nxh6 57. Rxa4 Nc3 58. Ra5+ Ke6 59. Ra6+ Ke5 1/2-1/2

[Event "Titled Tuesday intern op 17th Jan Early"]
[Site "Chess.com INT"]
[Date "2023.01.17"]
[Round "6"]
[White "Player, Edmund C"]
[Black "Kostenko, Petr"]
[Result "1/2-1/2"]
[WhiteElo "2180"]
[BlackElo "2371"]
[PlyCount "86"]
[EventDate "2023.01.17"]
[EventType "swiss (blitz)"]
[EventRounds "11"]
[EventCountry "USA"]
[SourceTitle "CBM 212 Extra"]
[Source "ChessBase"]
[SourceDate "2023.03.31"]
[SourceVersion "1"]
[SourceVersionDate "2023.03.31"]
[SourceQuality "1"]

1. e4 c6 2. d4 d5 3. Nd2 dxe4 4. Nxe4 Nf6 5. Nxf6+ exf6 6. c3 Bd6 7. Bd3 Na6 8. Qc2 Nc7 9. Ne2 h5 10. 0-0 Kf8 11. Bf4 g6 12. Rfe1 Kg7 13. h4 a5 14. Qd2 Bg4 15. Bxd6 Qxd6 16. Qf4 Qd7 17. f3 Be6 18. Qg3 Rae8 19. Nf4 Bf5 20. Bf1 a4 21. Rxe8 Nxe8 22. Re1 Nd6 23. a3 b5 24. Nd3 Bxd3 25. Bxd3 Re8 26. Qf2 Nc8 27. Rxe8 Qxe8 28. Kf1 Nb6 29. Qe2 Qxe2+ 30. Kxe2 f5 31. f4 Kf6 32. g3 Ke6 33. Bb1 Nc4 34. Ba2 Ke7 35. Bxc4 bxc4 36. Ke3 Kd6 37. Kf3 Kd5 38. Ke3 c5 39. dxc5 Kxc5 40. Kf3 Kd5 41. Ke3 Kc5 42. Kf3 Kd5 43. Ke3 Kc5 1/2-1/2

[Event "Wch Blitz"]
[Site "Almaty"]
[Date "2022.12.30"]
[Round "18"]
[White "Kostenko, Petr"]
[Black "Sapenov, Daniyal"]
[Result "1-0"]
[WhiteElo "2365"]
[BlackElo "2060"]
[PlyCount "87"]
[EventDate "2022.12.29"]
[EventType "swiss (blitz)"]
[EventRounds "21"]
[EventCountry "KAZ"]
[SourceTitle "CBM 212"]
[Source "ChessBase"]
[SourceDate "2023.02.28"]
[SourceVersion "1"]
[SourceVersionDate "2023.02.28"]
[SourceQuality "1"]

1. c4 e5 2. Nf3 e4 3. Nd4 Nf6 4. Nc3 Bb4 5. Qb3 Bxc3 6. Qxc3 0-0 7. b3 d5 8. c5 b6 9. Ba3 Re8 10. e3 bxc5 11. Bxc5 Nfd7 12. Rc1 Nxc5 13. Qxc5 Na6 14. Qc6 Rb8 15. Bxa6 Rb6 16. Qxc7 Bxa6 17. Qxd8 Rxd8 18. f3 Bd3 19. Kf2 g6 20. Rc5 Ra6 21. a4 Rb6 22. Rhc1 h5 23. h4 a6 24. Kg3 Rdb8 25. Rc8+ Kg7 26. Rxb8 Rxb8 27. Rc6 Rd8 28. Kf4 Re8 29. Rd6 Rc8 30. Rxd5 exf3 31. gxf3 Rc1 32. Ne6+ fxe6 33. Rxd3 Kf6 34. Rd6 Rb1 35. Rb6 Rh1 36. Kg3 Rg1+ 37. Kf2 Rb1 38. f4 Kf5 39. a5 Rb2 40. Kf3 Kf6 41. b4 Rb1 42. d4 Rb3 43. d5 Kf5 44. dxe6 1-0

[Event "Wch Blitz"]
[Site "Almaty"]
[Date "2022.12.30"]
[Round "16"]
[White "Kostenko, Petr"]
[Black "Svane, Frederik"]
[Result "0-1"]
[WhiteElo "2365"]
[BlackElo "2466"]
[PlyCount "62"]
[EventDate "2022.12.29"]
[EventType "swiss (blitz)"]
[EventRounds "21"]
[EventCountry "KAZ"]
[SourceTitle "CBM 212"]
[Source "ChessBase"]
[SourceDate "2023.02.28"]
[SourceVersion "1"]
[SourceVersionDate "2023.02.28"]
[SourceQuality "1"]

1. c4 c5 2. g3 Nc6 3. Bg2 g6 4. Nc3 Bg7 5. e3 Bxc3 6. bxc3 f5 7. h4 Nf6 8. h5 Rg8 9. hxg6 hxg6 10. d3 Qc7 11. Ne2 b6 12. Nf4 Bb7 13. Nd5 Nxd5 14. cxd5 Ne5 15. c4 0-0-0 16. Bb2 e6 17. Rc1 d6 18. 0-0 Qh7 19. Re1 Rh8 20. d4 Ng4 21. dxc5 dxc5 22. Bxh8 Rxh8 23. Qd2 exd5 24. cxd5 Ba6 25. Re2 Ne5 26. d6 Bb7 27. d7+ Nxd7 28. Bxb7+ Kxb7 29. Qd5+ Kc7 30. Rd1 Qh2+ 31. Kf1 Qh1+ 0-1

[Event "Wch Blitz"]
[Site "Almaty"]
[Date "2022.12.30"]
[Round "19"]
[White "Zhalmakhanov, Ramazan"]
[Black "Kostenko, Petr"]
[Result "1-0"]
[WhiteElo "2432"]
[BlackElo "2365"]
[PlyCount "139"]
[EventDate "2022.12.29"]
[EventType "swiss (blitz)"]
[EventRounds "21"]
[EventCountry "KAZ"]
[SourceTitle "CBM 212"]
[Source "ChessBase"]
[SourceDate "2023.02.28"]
[SourceVersion "1"]
[SourceVersionDate "2023.02.28"]
[SourceQuality "1"]

1. c4 Nf6 2. Nc3 e6 3. d4 d5 4. cxd5 exd5 5. Bg5 c6 6. e3 h6 7. Bh4 Qb6 8. Qc2 g5 9. Bg3 Be6 10. Bd3 Nbd7 11. Nf3 Nh5 12. 0-0 Nxg3 13. hxg3 Bg7 14. Bf5 0-0 15. b4 Rae8 16. Rab1 a6 17. Na4 Qc7 18. Nc5 Nb6 19. Nd2 Nc8 20. a4 Nd6 21. Bd3 Ra8 22. Rfc1 Rfc8 23. Qd1 Qe7 24. Ndb3 b5 25. Nxe6 fxe6 26. Qg4 Nc4 27. Nc5 Re8 28. Bg6 e5 29. Bxe8 Rxe8 30. dxe5 a5 31. axb5 axb4 32. Nd3 c5 33. b6 Nxe5 34. Qf5 Nxd3 35. Qxd5+ Qe6 36. Qxd3 Qxb6 37. Qd5+ Kh8 38. Qxc5 Qxc5 39. Rxc5 Bc3 40. Rb5 Kg7 41. Rd1 Re7 42. Rd6 g4 43. Rc6 Rd7 44. Rc4 Rd1+ 45. Kh2 Rd7 46. Rxg4+ Kf7 47. Rc4 Rd2 48. Rf4+ Ke7 49. Kh3 Kd6 50. Rf8 Kc6 51. Rbb8 Rb2 52. f4 Be1 53. e4 b3 54. e5 Kd5 55. Rfd8+ Ke6 56. Rd6+ Kf5 57. e6 Kf6 58. Rb7 Re2 59. e7+ Kf7 60. Rd8 Rxe7 61. Rxe7+ Kxe7 62. Rb8 Kf7 63. Rxb3 Kg6 64. Kg4 Ba5 65. Rb5 Bd8 66. Rc5 Be7 67. Rc6+ Kg7 68. Kh5 Ba3 69. Rg6+ Kf7 70. Rxh6 1-0

[Event "Wch Blitz"]
[Site "Almaty"]
[Date "2022.12.29"]
[Round "2"]
[White "Gareyev, Timur"]
[Black "Kostenko, Petr"]
[Result "1-0"]
[WhiteElo "2553"]
[BlackElo "2365"]
[PlyCount "75"]
[EventDate "2022.12.29"]
[EventType "swiss (blitz)"]
[EventRounds "21"]
[EventCountry "KAZ"]
[SourceTitle "CBM 212"]
[Source "ChessBase"]
[SourceDate "2023.02.28"]
[SourceVersion "1"]
[SourceVersionDate "2023.02.28"]
[SourceQuality "1"]

1. d4 Nf6 2. c4 e6 3. Nc3 Bb4 4. Qc2 0-0 5. a3 Bxc3+ 6. Qxc3 d5 7. e3 b6 8. Nf3 Ba6 9. b3 c5 10. Be2 cxd4 11. Nxd4 Nbd7 12. a4 Rc8 13. Nb5 dxc4 14. bxc4 Bb7 15. Bb2 Qe7 16. Nxa7 Ra8 17. Nb5 Nc5 18. a5 bxa5 19. 0-0 a4 20. Rfd1 Bc6 21. Nd4 Bb7 22. Ba3 Rfc8 23. Rab1 Nfe4 24. Qc2 Nd6 25. Rb6 Be4 26. Qc3 Nf5 27. Nxf5 exf5 28. Rb5 Qa7 29. Bb2 f6 30. Qa3 Nb3 31. h3 Qf7 32. Rb4 Bc6 33. Bf1 Qe6 34. Rb6 Qe8 35. Rd6 Qe4 36. Qb4 h5 37. Bxf6 gxf6 38. Rxf6 1-0

[Event "Wch Blitz"]
[Site "Almaty"]
[Date "2022.12.29"]
[Round "11"]
[White "Kostenko, Petr"]
[Black "Mamedov, Edgar"]
[Result "1-0"]
[WhiteElo "2365"]
[BlackElo "2034"]
[PlyCount "94"]
[EventDate "2022.12.29"]
[EventType "swiss (blitz)"]
[EventRounds "21"]
[EventCountry "KAZ"]
[SourceTitle "CBM 212"]
[Source "ChessBase"]
[SourceDate "2023.02.28"]
[SourceVersion "1"]
[SourceVersionDate "2023.02.28"]
[SourceQuality "1"]

1. c4 c6 2. d4 d5 3. Nf3 Nf6 4. e3 e6 5. Bd3 Nbd7 6. 0-0 Bd6 7. Nbd2 0-0 8. e4 dxe4 9. Nxe4 Nxe4 10. Bxe4 Nf6 11. Bc2 c5 12. Bg5 h6 13. Bh4 Be7 14. dxc5 Qxd1 15. Raxd1 Bxc5 16. Ne5 g5 17. Bg3 b6 18. a3 a5 19. Nd3 Bd4 20. Be5 Bxe5 21. Nxe5 Ba6 22. f4 Kg7 23. Rd6 Rac8 24. b3 Bb7 25. Rxb6 Be4 26. Bxe4 Nxe4 27. f5 exf5 28. Rxf5 Rcd8 29. h3 Ng3 30. Rf3 Rd1+ 31. Kf2 Ne4+ 32. Ke2 Ra1 33. Rb7 Nd6 34. Re7 Ra2+ 35. Kd3 Rd8 36. Rd7 Rxd7 37. Nxd7 Rxa3 38. Kd4 Ra2 39. c5 Rd2+ 40. Ke5 f6+ 41. Nxf6 Nf7+ 42. Kf5 Rc2 43. Ne4 h5 44. Ke6 Nd8+ 45. Kd7 Nf7 46. Ke7 Ne5 47. Rf5 Ng6+ 1-0

[Event "Wch Rapid"]
[Site "Almaty"]
[Date "2022.12.28"]
[Round "10"]
[White "Kostenko, Petr"]
[Black "Gurel, Ediz"]
[Result "0-1"]
[WhiteElo "2404"]
[BlackElo "2345"]
[PlyCount "120"]
[EventDate "2022.12.26"]
[EventType "swiss (rapid)"]
[EventRounds "13"]
[EventCountry "KAZ"]
[SourceTitle "CBM 212"]
[Source "ChessBase"]
[SourceDate "2023.02.28"]
[SourceVersion "1"]
[SourceVersionDate "2023.02.28"]
[SourceQuality "1"]

1. c4 c5 2. Nf3 Nc6 3. e3 e5 4. Nc3 Nf6 5. Be2 Be7 6. 0-0 0-0 7. d4 cxd4 8. exd4 exd4 9. Nxd4 d5 10. Bf3 Nxd4 11. Qxd4 dxc4 12. Qxc4 Be6 13. Qb5 Qc7 14. Be3 Bc4 15. Qxb7 Qxb7 16. Bxb7 Rab8 17. Bf3 Bxf1 18. Kxf1 Rxb2 19. Bxa7 Rc8 20. Bd4 Rc2 21. Ne2 Bc5 22. Bxf6 gxf6 23. a4 Rd8 24. g3 Rdd2 25. Rb1 Ra2 26. Rb5 Ba7 27. Ra5 Bd4 28. Ra8+ Kg7 29. a5 Be5 30. a6 Ra1+ 31. Kg2 Rda2 32. Bh5 Rxa6 33. Rxa6 Rxa6 34. f4 Bb2 35. g4 Ra4 36. h3 Ba3 37. Kf3 Bd6 38. h4 h6 39. Ke3 Ra2 40. Kf3 Ra4 41. Ke3 f5 42. g5 hxg5 43. hxg5 f6 44. gxf6+ Kxf6 45. Kf3 Ke6 46. Be8 Ra3+ 47. Kg2 Ra2 48. Kf3 Ra3+ 49. Kg2 Re3 50. Bb5 Kf6 51. Kf2 Bc5 52. Kg2 Rb3 53. Ba6 Be3 54. Kf3 Ra3 55. Bc4 Bxf4+ 56. Kg2 Ke5 57. Bb5 Ke4 58. Kf2 Rf3+ 59. Kg2 Ke3 60. Ng1 Rf2+ 0-1

[Event "Wch Rapid"]
[Site "Almaty"]
[Date "2022.12.26"]
[Round "1"]
[White "Sindarov, Javokhir"]
[Black "Kostenko, Petr"]
[Result "1-0"]
[WhiteElo "2596"]
[BlackElo "2404"]
[PlyCount "85"]
[EventDate "2022.12.26"]
[EventType "swiss (rapid)"]
[EventRounds "13"]
[EventCountry "KAZ"]
[SourceTitle "CBM 212"]
[Source "ChessBase"]
[SourceDate "2023.02.28"]
[SourceVersion "1"]
[SourceVersionDate "2023.02.28"]
[SourceQuality "1"]

1. e4 e5 2. Nf3 Nc6 3. Bc4 Nf6 4. d3 h6 5. 0-0 d6 6. a4 g6 7. a5 Bg7 8. a6 b6 9. Bb5 Bd7 10. c4 0-0 11. Nc3 Ne7 12. d4 c6 13. Ba4 Qc7 14. d5 Rfc8 15. dxc6 Bxc6 16. Bxc6 Qxc6 17. Nd2 Nd7 18. b4 Nf8 19. Qa4 h5 20. Qxc6 Rxc6 21. Rd1 Bh6 22. Nb5 Bxd2 23. Bxd2 Rxc4 24. Nxd6 Rc6 25. Bg5 Nc8 26. Nb5 f6 27. Bh6 Ne7 28. Bxf8 Kxf8 29. Rd7 Rc4 30. Rxa7 Rxa7 31. Nxa7 Rxb4 32. f3 Rb2 33. Nb5 Nc6 34. a7 Nxa7 35. Nxa7 b5 36. Ra6 Kf7 37. Rb6 b4 38. Nc6 Rb1+ 39. Kf2 b3 40. Na5 b2 41. Nc4 Rh1 42. Rxb2 Rxh2 43. Kg1 1-0

[Event "KAZ-ch"]
[Site "Semey"]
[Date "2022.12.11"]
[Round "13"]
[White "Zhalmakhanov, Ramazan"]
[Black "Kostenko, Petr"]
[Result "1/2-1/2"]
[WhiteElo "2396"]
[BlackElo "2374"]
[PlyCount "160"]
[EventDate "2022.12.02"]
[EventType "tourn"]
[EventRounds "13"]
[EventCountry "KAZ"]
[EventCategory "7"]
[SourceTitle "CBM 211 Extra"]
[Source "ChessBase"]
[SourceDate "2023.01.31"]
[SourceVersion "1"]
[SourceVersionDate "2023.01.31"]
[SourceQuality "1"]

1. e4 c6 2. d4 d5 3. Nc3 dxe4 4. Nxe4 Nf6 5. Nxf6+ exf6 6. c3 Bd6 7. Bd3 Na6 8. Ne2 Nc7 9. 0-0 0-0 10. Bf4 Bg4 11. Qd2 Bxe2 12. Bxe2 a5 13. a4 Bxf4 14. Qxf4 Ne6 15. Qd2 Qd6 16. Rad1 Rad8 17. Qc2 g6 18. Qb3 Qc7 19. Rfe1 f5 20. Bc4 Ng5 21. Re5 Ne4 22. Bd3 Nf6 23. h3 Rfe8 24. Rde1 b6 25. Qc4 Kg7 26. Bc2 Qd7 27. Rxe8 Rxe8 28. Rxe8 Qxe8 29. Kf1 h5 30. Qe2 Qb8 31. Qe5 Qxe5 32. dxe5 Nd7 33. f4 h4 34. b4 c5 35. Ke2 cxb4 36. cxb4 axb4 37. Kd3 Nc5+ 38. Kc4 Ne6 39. Kxb4 Nxf4 40. Kb5 Nxg2 41. Kxb6 Ne3 42. Bd3 g5 43. a5 g4 44. hxg4 fxg4 45. a6 g3 46. a7 g2 47. a8Q g1Q 48. Qe4 Qg6+ 49. Kc5 Qxe4 50. Bxe4 h3 51. Kd6 h2 52. e6 Nf5+ 53. Kd7 Kf6 54. exf7 Kxf7 55. Kc6 Ke6 56. Kc5 Ke5 57. Bh1 Kf4 58. Kd5 Ng3 59. Bg2 Ne2 60. Bh1 Ke3 61. Ke5 Kf2 62. Ba8 Kg3 63. Bh1 Nf4 64. Ke4 Ng2 65. Kd3 Kf2 66. Kd2 Ne1 67. Kd1 Nf3 68. Kc2 Ke2 69. Kc3 Ne1 70. Kd4 Kf2 71. Ke4 Nc2 72. Kf4 Nd4 73. Kg4 Ne2 74. Kh3 Kg1 75. Ba8 Nf4+ 76. Kg3 Nd3 77. Kh3 Ne1 78. Kg3 Nf3 79. Bxf3 h1Q 80. Bxh1 Kxh1 1/2-1/2

[Event "KAZ-ch"]
[Site "Semey"]
[Date "2022.12.10"]
[Round "12"]
[White "Kostenko, Petr"]
[Black "Agmanov, Zhandos"]
[Result "1-0"]
[WhiteElo "2374"]
[BlackElo "2442"]
[PlyCount "138"]
[EventDate "2022.12.02"]
[EventType "tourn"]
[EventRounds "13"]
[EventCountry "KAZ"]
[EventCategory "7"]
[SourceTitle "CBM 211 Extra"]
[Source "ChessBase"]
[SourceDate "2023.01.31"]
[SourceVersion "1"]
[SourceVersionDate "2023.01.31"]
[SourceQuality "1"]

1. Nf3 d5 2. e3 Nf6 3. b3 e6 4. Bb2 c5 5. c4 Nc6 6. cxd5 exd5 7. d4 cxd4 8. Nxd4 Bb4+ 9. Bc3 a5 10. a3 Bc5 11. Be2 0-0 12. 0-0 Qe7 13. Ra2 Ne4 14. Ba1 Bd7 15. Nb5 Be6 16. N1c3 Nxc3 17. Bxc3 a4 18. b4 d4 19. exd4 Bb3 20. Qd2 Bb6 21. Raa1 Rfd8 22. Rfe1 Qd7 23. Bf1 Qf5 24. Re3 Rd5 25. Rae1 Rf8 26. Rh3 Qd7 27. Bd3 f5 28. Rhe3 Bd8 29. Qe2 Bg5 30. Re8 Rxe8 31. Qxe8+ Qxe8 32. Rxe8+ Kf7 33. Rc8 Bd8 34. Kf1 Bb6 35. Nc7 Rd7 36. Nb5 Rd5 37. g3 g6 38. h4 h5 39. Ke2 Bd8 40. Kd2 Ke7 41. Bb2 Kd7 42. Ra8 Ke7 43. f4 Kd7 44. Nc3 Rd6 45. Nxa4 b6 46. Ra6 Bxa4 47. Rxa4 Nxd4 48. Ra7+ Bc7 49. Ke3 Nc6 50. Ra8 Re6+ 51. Kf3 Rd6 52. Bb5 Rd5 53. a4 Rd2 54. Be5 Bxe5 55. fxe5 Rc2 56. Ra6 Kc7 57. Bxc6 Rxc6 58. a5 Rc3+ 59. Kf4 bxa5 60. bxa5 Rc4+ 61. Kg5 Rg4+ 62. Kf6 f4 63. gxf4 Rxf4+ 64. Kxg6 Rxh4 65. Ra7+ Kd8 66. a6 Ra4 67. Ra8+ Kc7 68. e6 Re4 69. e7 Rd4 1-0

[Event "KAZ-ch"]
[Site "Semey"]
[Date "2022.12.04"]
[Round "3"]
[White "Kostenko, Petr"]
[Black "Kazhgaleyev, Murtas"]
[Result "0-1"]
[WhiteElo "2374"]
[BlackElo "2507"]
[PlyCount "66"]
[EventDate "2022.12.02"]
[EventType "tourn"]
[EventRounds "13"]
[EventCountry "KAZ"]
[EventCategory "7"]
[SourceTitle "CBM 211 Extra"]
[Source "ChessBase"]
[SourceDate "2023.01.31"]
[SourceVersion "1"]
[SourceVersionDate "2023.01.31"]
[SourceQuality "1"]

1. e4 e5 2. Nf3 Nc6 3. Bb5 a6 4. Ba4 Nf6 5. 0-0 Be7 6. Re1 b5 7. Bb3 d6 8. c3 Na5 9. Bc2 c5 10. d4 cxd4 11. cxd4 Bg4 12. Nbd2 Nc6 13. h3 Bh5 14. g4 Nxg4 15. hxg4 Bxg4 16. Nb3 0-0 17. a4 Rc8 18. Bd3 Nb4 19. axb5 f5 20. exf5 Qe8 21. Be2 Bxf5 22. Ra4 Qg6+ 23. Kh1 Be4 24. Nbd2 Bc2 25. Rxb4 Bxd1 26. Bxd1 d5 27. Rb3 Rxc1 28. dxe5 axb5 29. Rxb5 Qh5+ 30. Kg2 Qg4+ 31. Kf1 Rxd1 32. Rxd1 Rxf3 33. Nxf3 Qc4+ 0-1

[Event "Cheliabinsk Panchenko Memorial op-A"]
[Site "Cheliabinsk"]
[Date "2022.09.21"]
[Round "10"]
[White "Khudyakov, Stanislav"]
[Black "Kostenko, Petr"]
[Result "1/2-1/2"]
[WhiteElo "2239"]
[BlackElo "2382"]
[PlyCount "45"]
[EventDate "2022.09.12"]
[EventType "swiss"]
[EventRounds "10"]
[EventCountry "RUS"]
[SourceTitle "CBM 210 Extra"]
[Source "ChessBase"]
[SourceDate "2022.11.30"]
[SourceVersion "1"]
[SourceVersionDate "2022.11.30"]
[SourceQuality "1"]

1. d4 Nf6 2. c4 e6 3. Nf3 a6 4. Nc3 d5 5. cxd5 exd5 6. Bg5 Be6 7. e3 Nbd7 8. Bd3 h6 9. Bh4 g5 10. Bg3 Nh5 11. Be5 Ng7 12. Bg3 Nh5 13. Be5 Ng7 14. Bg3 Nh5 15. Qb3 Nxg3 16. hxg3 c5 17. Qc2 Rc8 18. dxc5 Nxc5 19. Nd4 Bg7 20. 0-0 0-0 21. Rfe1 Qb6 22. Bh7+ Kh8 23. Rad1 1/2-1/2

[Event "Cheliabinsk Panchenko Memorial op-A"]
[Site "Cheliabinsk"]
[Date "2022.09.15"]
[Round "4"]
[White "Lazavik, Denis"]
[Black "Kostenko, Petr"]
[Result "1-0"]
[WhiteElo "2523"]
[BlackElo "2382"]
[PlyCount "83"]
[EventDate "2022.09.12"]
[EventType "swiss"]
[EventRounds "10"]
[EventCountry "RUS"]
[SourceTitle "CBM 210 Extra"]
[Source "ChessBase"]
[SourceDate "2022.11.30"]
[SourceVersion "1"]
[SourceVersionDate "2022.11.30"]
[SourceQuality "1"]

1. d4 Nf6 2. c4 e6 3. Nc3 Bb4 4. e3 0-0 5. Bd3 d5 6. cxd5 exd5 7. a3 Bd6 8. Qc2 c6 9. Nge2 Re8 10. Bd2 Nbd7 11. f3 c5 12. h4 h5 13. 0-0-0 a6 14. g4 hxg4 15. fxg4 Nxg4 16. Nxd5 b5 17. Rhg1 Nb6 18. Ba5 Nxd5 19. Bxd8 Ngxe3 20. Qb1 Rxd8 21. Bh7+ Kh8 22. Rd3 Re8 23. dxc5 Bxc5 24. Rg5 Be6 25. Rh5 Bg4 26. Rdxd5 Nxd5 27. Bg8+ Kxg8 28. Qh7+ Kf8 29. Rxd5 Rac8 30. Nc3 f6 31. Qd3 Kg8 32. h5 Be3+ 33. Kb1 Bh6 34. Ne4 Rc1+ 35. Ka2 Rd1 36. Nxf6+ Kf8 37. Qg6 Ree1 38. Qxg4 Ra1+ 39. Kb3 gxf6 40. Rd8+ Re8 41. Rxe8+ Kxe8 42. Qg6+ 1-0